| 000 | 01377nam a22003257a 4500 | ||
|---|---|---|---|
| 999 |
_c12302 _d12302 |
||
| 008 | 190122b ||||| |||| 00| 0 eng d | ||
| 082 |
_21975 _aDFil 920 _bAb15 |
||
| 100 |
_aAbainza, Estanislao Q. _934750 |
||
| 245 |
_aEnrique C. Sobrepeña: _bhis life and work / _cEstanislao Q. Abainza ... [and 13 others]; edited by Fern Babcock, Dominic Torrevillas-Suarez, and Leon O. Ty |
||
| 260 |
_aManila: _bThe Sponsorship Committee, _c1975 |
||
| 300 |
_axxiii, 207 pages; _billustrations, _c24 cm. |
||
| 500 | _aIncludes glossary. | ||
| 650 |
_aEnrique C. Sobrepeña _934751 _xBiography |
||
| 650 |
_aProtestanism in the Philippines _934752 |
||
| 700 |
_aAlbano, Cristina C. _c[author] _934756 |
||
| 700 |
_aArquiza, Lino Q. _c[author] _934757 |
||
| 700 |
_aBaradi, Mauro O. _c[author] _934758 |
||
| 700 |
_aBorlaza, Gregorio C. _c[author] _934759 |
||
| 700 |
_aCatli, Samuel G. _c[author] _934760 |
||
| 700 |
_aCastelo, Lea T. _c[author] _934761 |
||
| 700 |
_aFerrer, Cornelio M. _c[author] _934762 |
||
| 700 |
_aGa, Macario V. _c[author] _934763 |
||
| 700 |
_aGorospe, Otilio R. _c[author] _934764 |
||
| 700 |
_aSobrepeña, David A. _c[author] _934765 |
||
| 700 |
_aSobrepeña, Enriquez A. Jr. _c[author] _934766 |
||
| 700 |
_aGrant, Fern B. _c[editor] _934767 |
||
| 700 |
_aTorrevillas-Suarez, Domini _c[editor] _934768 |
||
| 700 |
_aTy, Leon O. _c[editor] _934769 |
||
| 942 |
_2ddc _cDFIL |
||